[Event "Hamburg-chT Landesliga 1920"]
[Site "Hamburg"]
[Date "2019.09.29"]
[Round "1.5"]
[White "Schneider, Alexander"]
[Black "Mueller, Tobias"]
[Result "1-0"]
[WhiteElo "2055"]
[BlackElo "2115"]
[PlyCount "65"]
[EventDate "2019.09.29"]
[EventType "team-tourn"]
[EventRounds "9"]
[EventCountry "GER"]
[SourceTitle "EXT 2021"]
[Source "ChessBase"]
[SourceDate "2020.10.23"]
[SourceVersion "1"]
[SourceVersionDate "2020.10.23"]
[SourceQuality "1"]

1. e4 c5 2. Nf3 d6 3. d4 cxd4 4. Nxd4 Nf6 5. Nc3 g6 6. Be3 Bg7 7. f3 Nc6 8. Qd2 0-0 9. Bc4 Bd7 10. Bb3 Ne5 11. 0-0-0 Rc8 12. Kb1 Nc4 13. Bxc4 Rxc4 14. g4 Re8 15. h4 h5 16. g5 Nh7 17. b3 Rc5 18. Nde2 Qa5 19. Bxc5 Qxc5 20. Nd5 a5 21. Nef4 e6 22. Nd3 Qc6 23. N5f4 Bc3 24. Qe3 Rc8 25. Rh2 Nf8 26. Nb2 b5 27. Rg2 a4 28. Nbd3 Bg7 29. Nb4 Qc7 30. Ne2 Be8 31. Qd2 Nd7 32. Qxd6 Qa5 33. Nc6 1-0

[Event "Oberliga Nord N 1617"]
[Site "Germany"]
[Date "2017.04.23"]
[Round "8.3"]
[White "Mueller, Tobias"]
[Black "Ritscher, Jan Paul"]
[Result "1/2-1/2"]
[WhiteElo "2128"]
[BlackElo "2237"]
[PlyCount "158"]
[EventDate "2016.10.16"]
[EventType "team-tourn"]
[EventRounds "9"]
[EventCountry "GER"]
[SourceTitle "EXT 2018"]
[Source "ChessBase"]
[SourceDate "2017.10.13"]
[SourceVersion "1"]
[SourceVersionDate "2017.10.13"]
[SourceQuality "1"]
[WhiteTeam "Marmstorf"]
[BlackTeam "Hamburg Schachfreunde"]
[WhiteTeamCountry "GER"]
[BlackTeamCountry "GER"]

1. e4 Nf6 2. e5 Nd5 3. d4 d6 4. Nf3 Bg4 5. Be2 e6 6. 0-0 Be7 7. c4 Nb6 8. b3 0-0 9. Bb2 Nc6 10. exd6 cxd6 11. Nc3 d5 12. cxd5 Nxd5 13. Ne5 Bxe2 14. Nxe2 Nxe5 15. dxe5 Qa5 16. Ng3 Rfd8 17. Qg4 Qd2 18. Bd4 Qf4 19. Qxf4 Nxf4 20. Rfd1 a6 21. Bb6 Rxd1+ 22. Rxd1 Nd5 23. Bd4 Rc8 24. a4 Kf8 25. Ne4 Ke8 26. Kf1 Bb4 27. g3 Rc2 28. Kg1 h6 29. Kf1 Ke7 30. Nd6 Rc7 31. Ne4 Ke8 32. Ke2 Ke7 33. Kd3 h5 34. h3 Rc8 35. Ke2 Rc2+ 36. Kd3 Rc6 37. Ke2 f5 38. exf6+ gxf6 39. Kf1 Rc2 40. g4 hxg4 41. hxg4 Kf7 42. Kg1 Kg6 43. f3 f5 44. gxf5+ Kxf5 45. Nf2 Bc5 46. Bxc5 Rxc5 47. Ne4 Rc7 48. Kf2 Kf4 49. Rd4 Ke5 50. Rd2 Rc1 51. Ng5 Kf5 52. Ne4 Ke5 53. Ng5 Kf5 54. Ne4 Kf4 55. Rd4 Ke5 56. Rd2 Nf4 57. Nd6 Rc3 58. Nxb7 Nd3+ 59. Kg3 Rxb3 60. Nd8 Nc5 61. Nc6+ Kf6 62. Rd4 e5 63. Rd6+ Kf5 64. Rd5 Ne4+ 65. Kh4 Nf6 66. Rxe5+ Kf4 67. Re6 Nd5 68. Nd4 Re3 69. Rxa6 Rd3 70. Nb5 Rxf3 71. Kh5 Ke5 72. Kg6 Rf6+ 73. Rxf6 Nxf6 74. a5 Nd7 75. a6 Kd5 76. a7 Nb6 77. Kf7 Kc6 78. Nd4+ Kb7 79. Nb5 Nc8 1/2-1/2

[Event "Oberliga Nord N 1617"]
[Site "Germany"]
[Date "2017.02.05"]
[Round "5.3"]
[White "Mueller, Tobias"]
[Black "Riess, Alexander"]
[Result "0-1"]
[WhiteElo "2128"]
[BlackElo "2173"]
[PlyCount "94"]
[EventDate "2016.10.16"]
[EventType "team-tourn"]
[EventRounds "9"]
[EventCountry "GER"]
[SourceTitle "EXT 2018"]
[Source "ChessBase"]
[SourceDate "2017.10.13"]
[SourceVersion "1"]
[SourceVersionDate "2017.10.13"]
[SourceQuality "1"]
[WhiteTeam "Marmstorf"]
[BlackTeam "Luebeck"]
[WhiteTeamCountry "GER"]
[BlackTeamCountry "GER"]

1. c4 e5 2. g3 Nf6 3. Bg2 d5 4. cxd5 Nxd5 5. Nc3 Nb6 6. Nf3 Nc6 7. d3 Be7 8. 0-0 0-0 9. a3 Re8 10. b4 a5 11. b5 Nd4 12. Bb2 Bf8 13. Nd2 Rb8 14. e3 Ne6 15. Nb3 a4 16. Na5 Ra8 17. Nc4 Nxc4 18. dxc4 Nc5 19. Qxd8 Rxd8 20. Nd5 Bd6 21. Rad1 Bg4 22. f3 Be6 23. e4 f6 24. f4 Bg4 25. Rd2 Nb3 26. Rc2 c6 27. bxc6 bxc6 28. Nb4 Bc5+ 29. Kh1 Rd2 30. Rxd2 Nxd2 31. Rc1 Bxb4 32. axb4 a3 33. Ba1 Nb3 34. Re1 Nxa1 35. Rxa1 Rd8 36. b5 cxb5 37. cxb5 a2 38. Bf1 Be6 39. Kg1 Rd2 40. f5 Bf7 41. Rc1 Kf8 42. b6 Rb2 43. Bd3 Rxb6 44. Kf2 Bc4 45. Bxc4 Rb1 46. Bxa2 Rxc1 47. Bd5 Rc2+ 0-1

[Event "Oberliga Nord N 1617"]
[Site "Germany"]
[Date "2016.11.20"]
[Round "2.3"]
[White "Skibbe, Willi"]
[Black "Mueller, Tobias"]
[Result "1/2-1/2"]
[WhiteElo "2281"]
[BlackElo "2128"]
[PlyCount "153"]
[EventDate "2016.10.16"]
[EventType "team-tourn"]
[EventRounds "9"]
[EventCountry "GER"]
[SourceTitle "EXT 2018"]
[Source "ChessBase"]
[SourceDate "2017.10.13"]
[SourceVersion "1"]
[SourceVersionDate "2017.10.13"]
[SourceQuality "1"]
[WhiteTeam "Rostock"]
[BlackTeam "Marmstorf"]
[WhiteTeamCountry "GER"]
[BlackTeamCountry "GER"]

1. d4 f5 2. Nc3 d5 3. Bf4 c6 4. e3 Nf6 5. Bd3 e6 6. Nge2 Be7 7. f3 0-0 8. Qd2 b6 9. e4 c5 10. exd5 Nxd5 11. dxc5 bxc5 12. Bc4 Nxf4 13. Qxf4 Nc6 14. Qe3 Nd4 15. 0-0-0 Bf6 16. Bxe6+ Kh8 17. Bc4 Rb8 18. Kb1 Re8 19. Qd3 Qb6 20. b3 Nxe2 21. Nxe2 Be6 22. Nf4 Bxc4 23. Qxc4 Qb4 24. Qxb4 cxb4 25. Rd7 Rbd8 26. Rxd8 Rxd8 27. Nd3 Bc3 28. Kc1 Re8 29. g4 Re3 30. Rf1 Re2 31. Rf2 Re3 32. Kd1 Kg8 33. gxf5 Kf7 34. f4 Kf6 35. Re2 Rf3 36. Rg2 Kxf5 37. Ke2 Rh3 38. Nf2 Rh6 39. Kf3 Ra6 40. Ne4 Rxa2 41. Nxc3 bxc3 42. Ke3 g6 43. Rg5+ Ke6 44. Kd3 Ra1 45. h4 Rf1 46. h5 Kf6 47. hxg6 hxg6 48. Ke3 Rc1 49. Kd3 Rf1 50. Kxc3 Rxf4 51. Ra5 g5 52. Kd3 Rf3+ 53. Kd4 g4 54. Ra6+ Kf5 55. Rxa7 g3 56. c3 Kf6 57. Ra6+ Kf7 58. Ra7+ Kf6 59. Ra8 Kf7 60. Ra1 g2 61. Rg1 Rf2 62. b4 Ke7 63. Kc5 Kd7 64. Kb6 Kc8 65. c4 Rf6+ 66. Ka5 Rg6 67. c5 Kb7 68. Kb5 Rg5 69. Ka5 Kc6 70. b5+ Kxc5 71. b6 Kc6+ 72. Ka6 Rg3 73. Rc1+ Kd7 74. Rd1+ Kc6 75. Rc1+ Kd7 76. Rg1 Kc6 77. Rc1+ 1/2-1/2

[Event "Oberliga Nord N 1516"]
[Site "Germany"]
[Date "2016.01.17"]
[Round "5.4"]
[White "Mueller, Tobias"]
[Black "Wollenweber, Carsten"]
[Result "1-0"]
[WhiteElo "2124"]
[BlackElo "2141"]
[PlyCount "107"]
[EventDate "2015.09.20"]
[EventType "team-tourn"]
[EventRounds "9"]
[EventCountry "GER"]
[SourceTitle "CBM 170 Extra"]
[Source "ChessBase"]
[SourceDate "2016.02.25"]
[SourceVersion "1"]
[SourceVersionDate "2016.02.25"]
[SourceQuality "1"]
[WhiteTeam "Marmstorf"]
[BlackTeam "Bargteheide"]
[WhiteTeamCountry "GER"]
[BlackTeamCountry "GER"]

1. c4 e5 2. g3 h5 3. Nc3 h4 4. g4 c6 5. d4 d6 6. h3 Ne7 7. Bg5 Qb6 8. dxe5 dxe5 9. Ne4 Ng6 10. Nd6+ Bxd6 11. Qxd6 f6 12. 0-0-0 Na6 13. Bg2 Qc7 14. Qd3 Ne7 15. Be3 Bd7 16. Nf3 0-0-0 17. Qa3 c5 18. Nd2 Bc6 19. f3 Be8 20. Ne4 Bg6 21. Nxc5 Nxc5 22. Qxc5 Nc6 23. Rxd8+ Rxd8 24. Rd1 Rxd1+ 25. Kxd1 b6 26. Qf8+ Kb7 27. a3 a5 28. b4 axb4 29. axb4 Ka7 30. Ke1 Qe7 31. Qxe7+ Nxe7 32. Kd2 Bf7 33. Kc3 Ka6 34. b5+ Ka7 35. f4 Ng6 36. f5 Ne7 37. Bf2 g5 38. fxg6 Nxg6 39. e3 Kb8 40. Be4 Kc7 41. Bxg6 Bxg6 42. Bxh4 f5 43. Bf6 Kd6 44. Bd8 fxg4 45. hxg4 Be4 46. Bxb6 Bf3 47. g5 Be4 48. c5+ Kd5 49. c6 Kd6 50. Bd8 Bf5 51. Kb4 Be4 52. c7 Bb7 53. g6 Ke6 54. Kc5 1-0

[Event "GER-chT U16"]
[Site "Magdeburg"]
[Date "2014.12.28"]
[Round "4.2"]
[White "Mueller, Tobias"]
[Black "Joeres, Stefan"]
[Result "0-1"]
[WhiteElo "1473"]
[BlackElo "1653"]
[PlyCount "118"]
[EventDate "2014.12.27"]
[EventType "team-swiss"]
[EventRounds "7"]
[EventCountry "GER"]
[SourceTitle "EXT 2016"]
[Source "ChessBase"]
[SourceDate "2015.10.08"]
[SourceVersion "1"]
[SourceVersionDate "2015.10.08"]
[SourceQuality "1"]
[WhiteTeam "Gernsheim"]
[BlackTeam "Karlsruhe"]
[WhiteTeamCountry "GER"]
[BlackTeamCountry "GER"]

1. d4 d5 2. c4 e6 3. Nc3 Nf6 4. Nf3 Nbd7 5. Bg5 Be7 6. e3 b6 7. cxd5 Nxd5 8. Bxe7 Qxe7 9. Nxd5 exd5 10. Bd3 Bb7 11. 0-0 0-0 12. Rc1 c5 13. Qd2 Qd6 14. Rc3 c4 15. Bb1 Rfe8 16. Rfc1 b5 17. Bf5 Nf6 18. Qe2 Bc8 19. Bxc8 Raxc8 20. Nd2 Ne4 21. Nxe4 Rxe4 22. a3 Rce8 23. g3 Rxd4 24. Qc2 Rde4 25. Rd1 Qc5 26. b3 Rc8 27. Kf1 Ree8 28. b4 Qc6 29. Qf5 Rcd8 30. Rd4 Qe6 31. Qf3 Rd6 32. Ke2 Qe5 33. Kd2 h6 34. h4 Ree6 35. Rc2 Rf6 36. Qg2 Rd7 37. Rc3 a5 38. f4 Qe7 39. bxa5 Ra6 40. Rxd5 Rxd5+ 41. Qxd5 Rd6 42. e4 Rxd5+ 43. exd5 Qd8 44. a6 Qxd5+ 45. Kc1 Qa8 46. a4 Qxa6 47. axb5 Qxb5 48. Kd2 Qb2+ 49. Rc2 Qb4+ 50. Rc3 h5 51. Kc2 Qc5 52. Kb2 f5 53. Kc2 Kf7 54. Kd1 Qd4+ 55. Kc2 Ke6 56. Ra3 Kd5 57. Ra5+ Ke4 58. Re5+ Kf3 59. Kc1 c3 0-1

[Event "GER-chT U16"]
[Site "Magdeburg"]
[Date "2014.12.27"]
[Round "2.2"]
[White "Feyer, Leon"]
[Black "Mueller, Tobias"]
[Result "1-0"]
[WhiteElo "1765"]
[BlackElo "1473"]
[PlyCount "109"]
[EventDate "2014.12.27"]
[EventType "team-swiss"]
[EventRounds "7"]
[EventCountry "GER"]
[SourceTitle "EXT 2016"]
[Source "ChessBase"]
[SourceDate "2015.10.08"]
[SourceVersion "1"]
[SourceVersionDate "2015.10.08"]
[SourceQuality "1"]
[WhiteTeam "Berlin Empor"]
[BlackTeam "Gernsheim"]
[WhiteTeamCountry "GER"]
[BlackTeamCountry "GER"]

1. e4 e5 2. Nf3 Nc6 3. Bb5 g6 4. 0-0 Bg7 5. Re1 Nge7 6. c3 0-0 7. d3 a6 8. Ba4 d6 9. Nbd2 Kh8 10. Nf1 f5 11. h3 b5 12. Bb3 Na5 13. Bc2 Bb7 14. Bd2 fxe4 15. dxe4 Nc4 16. Bc1 Ng8 17. Ne3 Nb6 18. Ng4 Nf6 19. Nxf6 Bxf6 20. Bh6 Bg7 21. Qc1 Nd7 22. Bxg7+ Kxg7 23. Qe3 Qe7 24. b4 Rf6 25. Nd2 Nb6 26. Bb3 Raf8 27. f3 c5 28. a3 c4 29. Qxb6 cxb3 30. Nxb3 d5 31. Qc5 Qf7 32. exd5 Rc8 33. Qe3 Qxd5 34. Nc5 Re8 35. Rad1 Qc6 36. Rd7+ Rf7 37. Rxf7+ Kxf7 38. Qg5 e4 39. Qf4+ Kg7 40. Rxe4 Rxe4 41. fxe4 Bc8 42. Qe5+ Kf7 43. Kf2 Qb6 44. Qh8 Qf6+ 45. Qxf6+ Kxf6 46. h4 h6 47. Ke3 Ke5 48. Nd3+ Kd6 49. Kf4 Ke6 50. g4 Kd6 51. g5 h5 52. Ne5 Ke6 53. Nxg6 Bb7 54. Ne5 Ba8 55. Nd3 1-0

[Event "Gernsheim U20 op 11th"]
[Site "Gernsheim"]
[Date "2013.05.19"]
[Round "4"]
[White "Lukas, Anne"]
[Black "Mueller, Tobias"]
[Result "1-0"]
[WhiteElo "1738"]
[BlackElo "2116"]
[PlyCount "113"]
[EventDate "2013.05.18"]
[EventType "swiss"]
[EventRounds "7"]
[EventCountry "GER"]
[SourceTitle "EXT 2015"]
[Source "ChessBase"]
[SourceDate "2014.11.20"]
[SourceVersion "1"]
[SourceVersionDate "2014.11.20"]
[SourceQuality "1"]

1. d4 g6 2. c4 Bg7 3. e4 d6 4. Be3 Nf6 5. f3 0-0 6. Nc3 e5 7. d5 Ne8 8. Qd2 f5 9. Bd3 f4 10. Bf2 Nd7 11. a4 Nc5 12. Bxc5 dxc5 13. Qf2 b6 14. Rb1 Nd6 15. b3 Bd7 16. Nge2 g5 17. h3 h5 18. Qg1 h4 19. Nd1 Qe8 20. Nec3 Rf7 21. Nb5 Qd8 22. b4 Bxb5 23. cxb5 c4 24. Be2 a6 25. bxa6 Rxa6 26. Nc3 Qb8 27. Qf1 b5 28. axb5 Nxb5 29. Nxb5 Qxb5 30. Bxc4 Qxb4+ 31. Rxb4 Ra1+ 32. Kf2 Rxf1+ 33. Rxf1 Rd7 34. Ra1 Bf8 35. Ra8 Kg7 36. Bb5 Rf7 37. Rc4 Bd6 38. Ke2 Kf6 39. Rg8 Rg7 40. Rxg7 Kxg7 41. Ra4 Kf7 42. Bd7 Ke7 43. Be6 Bc5 44. Kd3 Kd6 45. Ra8 Ke7 46. Kc4 Bd6 47. Kb5 Kf6 48. Kc6 Kg7 49. Rc8 Kf6 50. Rxc7 Bb4 51. Bf5 Ba3 52. Rc8 Bb4 53. d6 Bxd6 54. Kxd6 Kf7 55. Kxe5 Kg7 56. Rc7+ Kh6 57. Rh7# 1-0

[Event "Gernsheim U20 op 11th"]
[Site "Gernsheim"]
[Date "2013.05.18"]
[Round "1"]
[White "Dittmar, Lars"]
[Black "Mueller, Tobias"]
[Result "1-0"]
[WhiteElo "1764"]
[BlackElo "2116"]
[PlyCount "77"]
[EventDate "2013.05.18"]
[EventType "swiss"]
[EventRounds "7"]
[EventCountry "GER"]
[SourceTitle "EXT 2015"]
[Source "ChessBase"]
[SourceDate "2014.11.20"]
[SourceVersion "1"]
[SourceVersionDate "2014.11.20"]
[SourceQuality "1"]

1. e4 e5 2. Nf3 Nc6 3. Bb5 g6 4. 0-0 Bg7 5. d3 Nge7 6. c3 a6 7. Ba4 b5 8. Bc2 Bb7 9. Be3 0-0 10. Nbd2 d5 11. Bc5 dxe4 12. Nxe4 f5 13. Neg5 Qd7 14. Bb3+ Kh8 15. Nf7+ Rxf7 16. Bxf7 Rd8 17. Ng5 Rf8 18. Bb3 h6 19. Ne6 Re8 20. Nxg7 Kxg7 21. Re1 Nd5 22. d4 e4 23. c4 bxc4 24. Bxc4 Na5 25. Bf1 Nb6 26. b3 Nc6 27. Qd2 Ne7 28. Rac1 Ned5 29. Rc2 Re6 30. Bc4 Nxc4 31. bxc4 Nb6 32. d5 Re8 33. Rb1 Nxc4 34. Rxc4 Qxd5 35. Qxd5 Bxd5 36. Bd4+ Kf8 37. Rxc7 Rd8 38. Rd1 Bxa2 39. Bc5+ 1-0

[Event "Hessen-ch U17 Open"]
[Site "Bad Homburg"]
[Date "2013.03.27"]
[Round "4"]
[White "Mueller, Tobias"]
[Black "Jin, Brian"]
[Result "1-0"]
[WhiteElo "1311"]
[BlackElo "1070"]
[PlyCount "71"]
[EventDate "2013.03.??"]
[EventType "swiss"]
[EventRounds "7"]
[EventCountry "GER"]
[SourceTitle "EXT 2014"]
[Source "ChessBase"]
[SourceDate "2013.11.20"]
[SourceVersion "1"]
[SourceVersionDate "2013.11.20"]
[SourceQuality "1"]

1. d4 d5 2. c4 e6 3. Nc3 Nf6 4. Nf3 c5 5. Bg5 dxc4 6. e3 Nc6 7. Bxc4 Be7 8. 0-0 0-0 9. dxc5 Nd7 10. Bxe7 Qxe7 11. Qd6 Nxc5 12. Qxe7 Nxe7 13. Rad1 b6 14. b4 Nd7 15. Be2 Nf6 16. Rd2 Bb7 17. Rfd1 Ned5 18. Nxd5 Nxd5 19. Rc1 Nxb4 20. Rc7 Bd5 21. a3 Nc6 22. Rxd5 exd5 23. Rxc6 Rfd8 24. g3 f6 25. Nd4 Rac8 26. a4 Kf7 27. Ba6 Rxc6 28. Nxc6 Rd7 29. Bb5 Rc7 30. Nd4 g6 31. Bc6 Rxc6 32. Nxc6 a6 33. Nb8 b5 34. axb5 axb5 35. Nc6 Ke6 36. Nd4+ 1-0

[Event "Pardubice Czech op-A 23rd"]
[Site "Pardubice"]
[Date "2012.07.28"]
[Round "9"]
[White "Kireev, Aleksei"]
[Black "Mueller, Tobias"]
[Result "1-0"]
[WhiteElo "2331"]
[BlackElo "2064"]
[PlyCount "89"]
[EventDate "2012.07.12"]
[EventType "swiss"]
[EventRounds "9"]
[EventCountry "CZE"]
[SourceTitle "CBM 149 Extra"]
[Source "ChessBase"]
[SourceDate "2012.08.24"]
[SourceVersion "1"]
[SourceVersionDate "2012.08.24"]
[SourceQuality "1"]

1. d4 f5 2. Nf3 d6 3. Nc3 Nf6 4. Bg5 Nbd7 5. Qd3 e6 6. e4 fxe4 7. Nxe4 Be7 8. Bxf6 gxf6 9. 0-0-0 f5 10. Ng3 Nf6 11. Be2 h5 12. h4 Ng4 13. Rdf1 c6 14. Qd2 Bd7 15. Ng5 a5 16. Re1 Nf6 17. Bd3 Ne4 18. N3xe4 fxe4 19. Bxe4 Rg8 20. f4 Qb6 21. Bf3 0-0-0 22. Nxe6 Bxe6 23. Rxe6 Bf8 24. Bxh5 Bg7 25. c3 Qb5 26. Qe2 Qd5 27. a3 Be5 28. Bg4 Bxf4+ 29. Kb1 Kb8 30. Qf3 Qxf3 31. Bxf3 Rh8 32. h5 Rd7 33. Rf6 Bh6 34. Re1 Bg7 35. Rf5 d5 36. g4 Kc7 37. g5 Kd8 38. Re6 Re7 39. Rxe7 Kxe7 40. h6 Bf8 41. Re5+ Kd8 42. Bh5 Bxh6 43. gxh6 Rxh6 44. Bf3 Rf6 45. Bxd5 1-0

[Event "Pardubice Czech op-A 23rd"]
[Site "Pardubice"]
[Date "2012.07.24"]
[Round "5"]
[White "Majer, Jiri"]
[Black "Mueller, Tobias"]
[Result "0-1"]
[WhiteElo "2265"]
[BlackElo "2064"]
[PlyCount "122"]
[EventDate "2012.07.12"]
[EventType "swiss"]
[EventRounds "9"]
[EventCountry "CZE"]
[SourceTitle "CBM 149 Extra"]
[Source "ChessBase"]
[SourceDate "2012.08.24"]
[SourceVersion "1"]
[SourceVersionDate "2012.08.24"]
[SourceQuality "1"]

1. d4 f5 2. Nf3 Nf6 3. g3 g6 4. Bg2 Bg7 5. 0-0 d6 6. c4 0-0 7. Nc3 c6 8. Qc2 Qc7 9. Bf4 Nh5 10. Bg5 e5 11. dxe5 dxe5 12. Rad1 Be6 13. Na4 Na6 14. b3 f4 15. Nh4 Qf7 16. Be4 Nf6 17. Bg2 Nd7 18. Be4 Nac5 19. Rxd7 Nxd7 20. Nxg6 Rfe8 21. Nh4 Qh5 22. Nf3 Rf8 23. Qd2 Rae8 24. Nc3 Bf6 25. Bxf6 Nxf6 26. Qd6 Bh3 27. Re1 fxg3 28. fxg3 Nxe4 29. Nxe4 Re6 30. Qd2 Rg6 31. Qe3 Bg4 32. Rf1 Bh3 33. Rd1 Bg4 34. Rf1 Rg7 35. c5 Qg6 36. Rd1 Bxf3 37. exf3 Qf5 38. Kg2 h5 39. h4 Qf4 40. Qxf4 exf4 41. Ng5 Re7 42. gxf4 Rxf4 43. Kg3 Rf5 44. Rd8+ Kg7 45. Ne4 Rd5 46. Ra8 a6 47. Rb8 Kg6 48. Rg8+ Kf7 49. Rb8 Ke6 50. Rh8 Rg7+ 51. Kf2 Kf7 52. Rb8 Kg6 53. Ke3 Rd1 54. Nd6 Rh1 55. f4 Rxh4 56. f5+ Kg5 57. Rf8 Re7+ 58. Kd3 Rh3+ 59. Kd4 Kf4 60. f6 Ree3 61. f7 Rc3 0-1

[Event "Pardubice Czech op-A 23rd"]
[Site "Pardubice"]
[Date "2012.07.22"]
[Round "3"]
[White "D'Costa, Lorin AR"]
[Black "Mueller, Tobias"]
[Result "1-0"]
[WhiteElo "2434"]
[BlackElo "2064"]
[PlyCount "49"]
[EventDate "2012.07.12"]
[EventType "swiss"]
[EventRounds "9"]
[EventCountry "CZE"]
[SourceTitle "CBM 149 Extra"]
[Source "ChessBase"]
[SourceDate "2012.08.24"]
[SourceVersion "1"]
[SourceVersionDate "2012.08.24"]
[SourceQuality "1"]

1. d4 f5 2. g3 Nf6 3. Bg2 g6 4. Nh3 Bg7 5. Nf4 c6 6. c4 d6 7. d5 e5 8. dxe6 Na6 9. Nc3 Nc5 10. 0-0 Bxe6 11. b4 g5 12. Nxe6 Nxe6 13. b5 0-0 14. Rb1 Qc7 15. bxc6 bxc6 16. Ba3 Rad8 17. Qa4 Nd7 18. Bb4 Nb6 19. Qxc6 Qxc6 20. Bxc6 Kh8 21. Nb5 Nd4 22. Nxd4 Bxd4 23. Rfd1 Rc8 24. Bb7 Rxc4 25. Rxd4 1-0

[Event "Karl Mala Memorial op 15th"]
[Site "Frankfurt"]
[Date "2012.07.08"]
[Round "6"]
[White "Mueller, Michael5555"]
[Black "Mueller, Tobias"]
[Result "1/2-1/2"]
[WhiteElo "1033"]
[BlackElo "1079"]
[PlyCount "30"]
[EventDate "2012.07.05"]
[EventType "swiss"]
[EventRounds "7"]
[EventCountry "GER"]
[SourceTitle "CBM 149 Extra"]
[Source "ChessBase"]
[SourceDate "2012.08.24"]
[SourceVersion "1"]
[SourceVersionDate "2012.08.24"]
[SourceQuality "1"]

1. e4 e5 2. Nf3 Nc6 3. Nc3 Nf6 4. Bc4 Bb4 5. d3 d6 6. h3 Be6 7. Bb3 0-0 8. Bg5 Nd4 9. 0-0 Nxb3 10. cxb3 h6 11. Bh4 a6 12. a3 Ba5 13. b4 Bb6 14. Qd2 c6 15. Rae1 Qe7 1/2-1/2

[Event "Hamburg-ch MA"]
[Site "Hamburg"]
[Date "2012.06.02"]
[Round "8"]
[White "Bigalke, Andre"]
[Black "Mueller, Tobias"]
[Result "1-0"]
[WhiteElo "2079"]
[BlackElo "2072"]
[PlyCount "45"]
[EventDate "2012.05.26"]
[EventType "swiss"]
[EventRounds "9"]
[EventCountry "GER"]
[SourceTitle "CBM 148 Extra"]
[Source "ChessBase"]
[SourceDate "2012.06.22"]
[SourceVersion "1"]
[SourceVersionDate "2012.06.22"]
[SourceQuality "1"]

1. b4 e5 2. Bb2 d6 3. e3 f5 4. c4 Nf6 5. Nf3 Be7 6. d4 e4 7. Nfd2 0-0 8. Nc3 d5 9. b5 c6 10. a4 g5 11. g3 f4 12. gxf4 gxf4 13. Qb3 fxe3 14. fxe3 Kh8 15. 0-0-0 Ng4 16. Ncxe4 Bf5 17. Rg1 dxe4 18. Bh3 Nf2 19. Bxf5 Nxd1 20. Qxd1 Rxf5 21. Nxe4 Nd7 22. d5+ Re5 23. dxc6 1-0

[Event "Hamburg-ch MA"]
[Site "Hamburg"]
[Date "2012.05.30"]
[Round "5"]
[White "Atri, Jamshid"]
[Black "Mueller, Tobias"]
[Result "1/2-1/2"]
[WhiteElo "2049"]
[BlackElo "2072"]
[PlyCount "82"]
[EventDate "2012.05.26"]
[EventType "swiss"]
[EventRounds "9"]
[EventCountry "GER"]
[SourceTitle "CBM 148 Extra"]
[Source "ChessBase"]
[SourceDate "2012.06.22"]
[SourceVersion "1"]
[SourceVersionDate "2012.06.22"]
[SourceQuality "1"]

1. d4 f5 2. e4 fxe4 3. Nc3 Nf6 4. Bg5 Nc6 5. d5 Ne5 6. Qd4 Nf7 7. Bf4 c6 8. 0-0-0 Qb6 9. dxc6 Qxd4 10. Rxd4 e5 11. Rxd7 Nxd7 12. cxd7+ Bxd7 13. Be3 Bb4 14. Nxe4 0-0 15. Bc4 Bc6 16. f3 Kh8 17. Nh3 b5 18. Bb3 a5 19. Nhg5 Nxg5 20. Nxg5 Be8 21. Bd5 Rc8 22. Bb7 Rc7 23. Be4 Bf7 24. a3 Bc5 25. Bxc5 Rxc5 26. Bxh7 Rfc8 27. Bf5 Rxc2+ 28. Bxc2 Bb3 29. Nf7+ Kg8 30. Nxe5 Rxc2+ 31. Kb1 Rxg2 32. h4 Kh7 33. Nc6 a4 34. Nd4 Bc4 35. h5 Rd2 36. Rh4 Rf2 37. Kc1 Kh6 38. Rg4 Bd3 39. Rh4 Kg5 40. Rg4+ Kf6 41. Rh4 Kg5 1/2-1/2